000
00202 a2200097 4500
001
11268
100
_a
Forsher, M.
245
_a
The World at War
260
_a
_b
Thomes Methuen
_c
090
_c
8820
_d
8820
942
_a
NUST-CAE
_c
M
_c
35623
999
_c
246341
_d
246341